Schweizer Flüsse auf einer Karte - Statistiken

Allgemein
  • Dieses Quiz wurde 3.154 mal gespielt
    3.052 seit der letzten Aktualisierung
  • Das Durchschnittsergebnis liegt bei 7 aus 13
Antworten auf der Karte
Die Antworten werden auf der Karte rot bzw. grün angezeigt, abhängig davon wie oft sie richtig erraten wurden.
 
Antwortstatistiken
Länge Fluss % Korrekt
1,239 km Rhein
99%
812 km Rhône
79%
295 km Aare
74%
517 km Inn
67%
36 km Limmat
58%
164 km Reuss
49%
248 km Tessin
44%
125 km Thur
43%
82 km Emme
33%
37 km Linth
32%
453 km Doubs
31%
128 km Saane
31%
75 km Birs
22%
Keine übereinstimmenden Quizze gefunden
Verteilung der Resultate
Anzahl Personen mit jedem Resultat
Perzentil nach korrekt beantworteten Fragen
Ihre Resultats-Entwicklung
Sie haben dieses Quiz seit der letzten Aktualisierung nicht gespielt